000
00173nam a2200073Ia 4500
008
170523s9999 xx 000 0 und d
100
_a
Besanko- D.
245
0
_a
Economics of Strategy
260
_a
Wiley India
999
_c
12307
_d
12307